000 00432nam a2200181Ia 4500
003 GCL
008 140319s9999 xx 000 0 eng d
040 _aGCL /
_cGCL
082 0 4 _a709.54
_bR A
100 1 _aRAWSON,PHILIP
245 1 0 _aTHE ART OF TANTRA /
_cRAWSON,PHILIP
260 _a[S.N] :
_bTHAMES AND HUDSON ،
_c1993
300 _a216
650 0 4 _aART
650 0 4 _aTANTRA
650 0 4 _aINDIA - ARTS
942 _2ddc
_cBK
999 _c23844
_d23844